Statistiques concernant Quel architecture moteur dans cette voiture

Cliquez ici pour prendre le quiz!

Statistiques générales

  • Ce quiz a été pris 174 fois
  • Le résultat moyen est 7 sur 10

Statistiques - réponses

VoitureMoteur% Correct
Ferrari 458V8
94%
Bugatti ChironW16
94%
Lamborghini GallardoV10
80%
Nissan GTR (R35)V6
79%
Chevrolet Camaro ZL1V8
79%
Rolls Royce WraithV12
75%
Audi RS6 (C7)V8
75%
Audi RS3L5
51%
Renault Megane RSL4
50%
VW Golf R32VR6
44%

Distribution des résultats

Percentile par nombre de réponses

% des personnes avec chaque résultat

Votre développement - résultats

Vous n’avez pas pris ce quiz